000 00589nam a2200217Ia 4500
003 OSt
005 20220926045130.0
006 a|||||r|||| 00| 0
007 ta
008 220923b |||||||| |||| 00| 0 eng d
037 _cGeneral Book
040 _aRTL
_cRTL
_beng
041 _2eng
_aeng
082 _aV21:1:K7, J6
100 _aArokiaswami M
_9349586
245 0 _aKongu country
_b Being the history of the modern dis
260 _c1956
650 _aHistory Tamil Nadu
_9235554
942 _hV21:1:K7, J6
_cGB
_2CC
999 _c676794
_d676794